Vista normal
Vista MARC
Entrada Nombre personal
Número de registros utilizados en: 1
001 - NÚMERO DE CONTROL
- Campo de control: 41340
003 - IDENTIFICADOR DE NÚMERO DE CONTROL
- Campo de control: OSt
005 - FECHA Y HORA DE LA ULTIMA MODIFICACION
- Campo de control: 20170518085325.0
008 - ELEMENTOS DE DATOS DE LONGITUD FIJA
- Campo de longitud fija: 170518|| aca||aabn | a|a d
040 ## - FUENTE DE LA CATALOGACIÓN
- Agencia original de catalogación: OSt
100 1# - ENCABEZAMIENTO--NOMBRE DE PERSONA
- Nombre personal: Ménendez Gálvez, Max Ernesto
400 1# - TRAZADO VEÁSE--NOMBRE DE PERSONA
- Nombre personal: Ménendez, Ernesto
400 1# - TRAZADO VEÁSE--NOMBRE DE PERSONA
- Nombre personal: Gálvez, Max
670 ## - FUENTE DE DATOS ENCONTRADOS
- Fuente de citación: Pasantía, Villavar S.A. de C.V.
670 ## - FUENTE DE DATOS ENCONTRADOS
- Fuente de citación: BMC-18-05-2017